[Event "Belgrade-chT"]
[Site "Belgrade"]
[Date "2020.10.10"]
[Round "6.3"]
[White "Pucarevic, Milenko"]
[Black "Markovic, Aleksandar"]
[Result "1-0"]
[WhiteElo "2194"]
[BlackElo "2182"]
[PlyCount "107"]
[EventDate "2020.10.04"]
[EventType "team-tourn"]
[EventRounds "9"]
[EventCountry "SRB"]
[SourceTitle "EXT 2022"]
[Source "ChessBase"]
[SourceDate "2021.10.06"]
[SourceVersion "1"]
[SourceVersionDate "2021.10.06"]
[SourceQuality "1"]
[WhiteTeam "Romanticari"]
[BlackTeam "Tadic"]
[WhiteTeamCountry "SRB"]
[BlackTeamCountry "SRB"]

1. Nf3 Nf6 2. g3 g6 3. Bg2 Bg7 4. 0-0 0-0 5. d3 d5 6. c3 c6 7. Nbd2 Re8 8. Qc2 e5 9. e4 Qc7 10. Re1 Nbd7 11. a3 a5 12. b3 b6 13. Bb2 Ba6 14. c4 d4 15. h3 c5 16. Nf1 b5 17. a4 bxc4 18. bxc4 Nb8 19. Ba3 Nfd7 20. Reb1 Nc6 21. Bc1 Nb4 22. Qe2 Bb7 23. h4 Bc6 24. h5 Nb6 25. hxg6 hxg6 26. Ne1 Nxa4 27. Qg4 Nc3 28. Rb2 a4 29. f4 Reb8 30. Rf2 Bd7 31. f5 Rb6 32. Bf3 a3 33. Rh2 a2 34. Qh4 gxf5 35. Qh7+ Kf8 36. exf5 Raa6 37. Bg5 e4 38. dxe4 d3 39. Bf4 Qc8 40. Ne3 Ne2+ 41. Bxe2 dxe2 42. e5 Qc6 43. f6 Bxf6 44. Bh6+ Ke7 45. exf6+ Qxf6 46. Rxe2 Be6 47. Bg7 Qg6 48. Nf5+ Kd7 49. Rd2+ Kc7 50. Be5+ Kb7 51. Qh8 Ra8 52. Rd8 Bxf5 53. Rxa8 Nc6 54. R1xa2 1-0

[Event "Belgrade-chT"]
[Site "Belgrade"]
[Date "2019.09.24"]
[Round "2.9"]
[White "Arsic, Djordje"]
[Black "Markovic, Aleksandar"]
[Result "0-1"]
[WhiteElo "2194"]
[BlackElo "2142"]
[PlyCount "56"]
[EventDate "2019.09.23"]
[EventType "team-tourn"]
[EventRounds "11"]
[EventCountry "SRB"]
[SourceTitle "EXT 2020"]
[Source "ChessBase"]
[SourceDate "2019.10.17"]
[SourceVersion "1"]
[SourceVersionDate "2019.10.17"]
[SourceQuality "1"]
[WhiteTeam "Lasta"]
[BlackTeam "Tadic"]
[WhiteTeamCountry "SRB"]
[BlackTeamCountry "SRB"]

1. e4 d6 2. d4 Nf6 3. Nc3 e5 4. Nge2 Be7 5. g3 exd4 6. Nxd4 d5 7. e5 Ng4 8. e6 Nf6 9. exf7+ Kxf7 10. Bg2 c6 11. 0-0 Re8 12. Bf4 Bd6 13. Qd2 Na6 14. Rae1 Bxf4 15. Qxf4 Qc7 16. Qh4 Bd7 17. h3 Rxe1 18. Rxe1 Re8 19. Rxe8 Bxe8 20. g4 h6 21. g5 hxg5 22. Qxg5 Bd7 23. Nce2 Nc5 24. Nf4 Kg8 25. b4 Nce4 26. Qh4 g5 27. Nfe6 Bxe6 28. Nxe6 Qe5 0-1

[Event "Vrnjacka Banja Gligoric Cup 6th"]
[Site "Vrnjacka Banja"]
[Date "2019.05.24"]
[Round "2.2"]
[White "Lajthajm, Borko"]
[Black "Markovic, Aleksandar"]
[Result "1-0"]
[WhiteElo "2426"]
[BlackElo "2133"]
[PlyCount "73"]
[EventDate "2019.05.23"]
[EventType "team-swiss"]
[EventRounds "5"]
[EventCountry "SRB"]
[SourceTitle "CBM 190 Extra"]
[Source "ChessBase"]
[SourceDate "2019.07.15"]
[SourceVersion "1"]
[SourceVersionDate "2019.07.15"]
[SourceQuality "1"]
[WhiteTeam "Kac Jugovic"]
[BlackTeam "Belgrade Tadic"]
[WhiteTeamCountry "SRB"]
[BlackTeamCountry "SRB"]

1. e4 d6 2. d4 Nf6 3. f3 e5 4. dxe5 dxe5 5. Qxd8+ Kxd8 6. Bc4 Ke8 7. Nc3 Bd6 8. Nb5 Ke7 9. Bd2 Nc6 10. Ne2 a6 11. Nxd6 cxd6 12. Ng3 Be6 13. Bd3 Rac8 14. 0-0 Rhd8 15. a3 h6 16. Be3 Nd7 17. b4 b5 18. c3 d5 19. exd5 Bxd5 20. a4 Rb8 21. axb5 axb5 22. Nf5+ Kf8 23. Nd6 Nf6 24. Nxb5 Kg8 25. Be2 e4 26. f4 Bb3 27. Nd4 Nxd4 28. Bxd4 Nd5 29. b5 Rdc8 30. Bg4 Rd8 31. Rfb1 Rxb5 32. Be2 Rbb8 33. Be5 Rb7 34. Bd1 f6 35. Rxb3 Rxb3 36. Bxb3 fxe5 37. Rd1 1-0

[Event "Vrnjacka Banja Gligoric Cup 6th"]
[Site "Vrnjacka Banja"]
[Date "2019.05.23"]
[Round "1.2"]
[White "Markovic, Aleksandar"]
[Black "Roganovic, Milos"]
[Result "0-1"]
[WhiteElo "2133"]
[BlackElo "2507"]
[PlyCount "78"]
[EventDate "2019.05.23"]
[EventType "team-swiss"]
[EventRounds "5"]
[EventCountry "SRB"]
[SourceTitle "CBM 190 Extra"]
[Source "ChessBase"]
[SourceDate "2019.07.15"]
[SourceVersion "1"]
[SourceVersionDate "2019.07.15"]
[SourceQuality "1"]
[WhiteTeam "Belgrade Tadic"]
[BlackTeam "Goracici Jelica"]
[WhiteTeamCountry "SRB"]
[BlackTeamCountry "SRB"]

1. e4 c5 2. Nf3 Nc6 3. d4 cxd4 4. Nxd4 Nf6 5. Nc3 e5 6. Ndb5 d6 7. Bg5 a6 8. Na3 b5 9. Nd5 Be7 10. Nxe7 Nxe7 11. Bd3 Ng6 12. c4 h6 13. Bd2 0-0 14. 0-0 Bb7 15. Re1 bxc4 16. Nxc4 d5 17. exd5 Qxd5 18. Bf1 Qe6 19. Qe2 Rfe8 20. Rac1 Rad8 21. Red1 Nd5 22. Ne3 Ndf4 23. Qg4 Qxg4 24. Nxg4 Bxg2 25. Bxf4 Rxd1 26. Rxd1 Bxf1 27. Kxf1 exf4 28. f3 f5 29. Nf2 Re3 30. Rd6 Ne5 31. Rxa6 Nxf3 32. h3 Re1+ 33. Kg2 Nh4+ 34. Kh2 Re2 35. Kg1 g5 36. b4 h5 37. b5 Re1+ 38. Kh2 g4 39. hxg4 fxg4 0-1

[Event "Belgrade City-chT"]
[Site "Belgrade"]
[Date "2019.05.17"]
[Round "5.7"]
[White "Markovic, Aleksandar"]
[Black "Brkic, Zoran"]
[Result "1-0"]
[WhiteElo "2133"]
[BlackElo "2105"]
[PlyCount "47"]
[EventDate "2019.05.13"]
[EventType "team-swiss"]
[EventRounds "5"]
[EventCountry "SRB"]
[SourceTitle "CBM 190 Extra"]
[Source "ChessBase"]
[SourceDate "2019.07.15"]
[SourceVersion "1"]
[SourceVersionDate "2019.07.15"]
[SourceQuality "1"]
[WhiteTeam "Tadic"]
[BlackTeam "Bogoslov"]
[WhiteTeamCountry "SRB"]
[BlackTeamCountry "SRB"]

1. e4 b6 2. d4 Bb7 3. Bd3 e6 4. Nf3 c5 5. c3 cxd4 6. cxd4 Nf6 7. Qe2 Bb4+ 8. Bd2 Bxd2+ 9. Nbxd2 d6 10. 0-0 0-0 11. Rac1 Nc6 12. Bb1 a6 13. Rfd1 h6 14. e5 Nd5 15. Ne4 dxe5 16. dxe5 Ra7 17. a3 f5 18. exf6 gxf6 19. Nc5 Bc8 20. Nxe6 Qe8 21. Rxc6 Qxc6 22. Nxf8 Kxf8 23. Qd2 Be6 24. Nd4 1-0

[Event "Belgrade City-chT"]
[Site "Belgrade"]
[Date "2019.05.16"]
[Round "4.2"]
[White "Milosevic, Milos"]
[Black "Markovic, Aleksandar"]
[Result "1/2-1/2"]
[WhiteElo "2321"]
[BlackElo "2133"]
[PlyCount "59"]
[EventDate "2019.05.13"]
[EventType "team-swiss"]
[EventRounds "5"]
[EventCountry "SRB"]
[SourceTitle "CBM 190 Extra"]
[Source "ChessBase"]
[SourceDate "2019.07.15"]
[SourceVersion "1"]
[SourceVersionDate "2019.07.15"]
[SourceQuality "1"]
[WhiteTeam "Partizan"]
[BlackTeam "Tadic"]
[WhiteTeamCountry "SRB"]
[BlackTeamCountry "SRB"]

1. e4 d6 2. d4 Nf6 3. Nc3 g6 4. Bg5 Bg7 5. Qd2 c6 6. Bh6 Bxh6 7. Qxh6 Qa5 8. f3 b5 9. Qd2 Nbd7 10. Nge2 Bb7 11. Nc1 Qb6 12. Nb3 a6 13. a4 e5 14. dxe5 dxe5 15. Qf2 Qxf2+ 16. Kxf2 0-0-0 17. Bd3 Nh5 18. Rhd1 Nf4 19. Bf1 Ne6 20. Na5 Nb6 21. axb5 axb5 22. Na2 Rxd1 23. Rxd1 Rd8 24. Rxd8+ Nxd8 25. Nb4 Kc7 26. Nd3 Kd6 27. b4 Bc8 28. Nb2 Be6 29. c4 bxc4 30. Nbxc4+ 1/2-1/2

[Event "Belgrade-chT Quality"]
[Site "Belgrade"]
[Date "2018.09.19"]
[Round "3.1"]
[White "Martic, Ivan"]
[Black "Markovic, Aleksandar"]
[Result "1-0"]
[WhiteElo "2373"]
[BlackElo "2125"]
[PlyCount "89"]
[EventDate "2018.09.17"]
[EventType "team-tourn"]
[EventRounds "11"]
[EventCountry "SRB"]
[SourceTitle "CBM 186 Extra"]
[Source "ChessBase"]
[SourceDate "2018.08.24"]
[SourceVersion "1"]
[SourceVersionDate "2018.08.24"]
[SourceQuality "1"]
[WhiteTeam "Belgrade CC"]
[BlackTeam "Tadic"]
[WhiteTeamCountry "SRB"]
[BlackTeamCountry "SRB"]

1. e4 c5 2. Nf3 Nf6 3. Nc3 Nc6 4. d4 d5 5. exd5 Nxd5 6. Bb5 Nxc3 7. bxc3 e6 8. Ne5 Bd7 9. Nxd7 Qxd7 10. 0-0 Be7 11. Qh5 a6 12. Bd3 cxd4 13. cxd4 Qxd4 14. Rb1 Qh4 15. Qxh4 Bxh4 16. Rxb7 0-0 17. Ba3 Rfc8 18. Be4 f5 19. Bxc6 Rxc6 20. Bb2 Bf6 21. Bxf6 gxf6 22. Rd1 Rxc2 23. h3 Rxa2 24. Rdd7 Rc8 25. Rg7+ Kh8 26. Rxh7+ Kg8 27. Rbg7+ Kf8 28. Ra7 Kg8 29. Rhg7+ Kh8 30. Rgf7 a5 31. Rxf6 Re2 32. h4 Re4 33. h5 Rc1+ 34. Kh2 Rh4+ 35. Kg3 Rg4+ 36. Kf3 Ra1 37. g3 a4 38. Rxe6 Ra3+ 39. Kg2 f4 40. Rh6+ Kg8 41. Rb6 Kh8 42. Rb8+ Rg8 43. Rbb7 f3+ 44. Kh3 Rd8 45. Rh7+ 1-0

[Event "SRB-chT2 West"]
[Site "Kragujevac"]
[Date "2017.10.06"]
[Round "7.5"]
[White "Bojovic, Zoran"]
[Black "Markovic, Aleksandar"]
[Result "1/2-1/2"]
[WhiteElo "2067"]
[BlackElo "2164"]
[PlyCount "116"]
[EventDate "2017.09.08"]
[EventType "team-tourn"]
[EventRounds "11"]
[EventCountry "SRB"]
[SourceTitle "EXT 2022"]
[Source "ChessBase"]
[SourceDate "2021.10.06"]
[SourceVersion "1"]
[SourceVersionDate "2021.10.06"]
[SourceQuality "1"]

1. e4 d6 2. d4 Nf6 3. Nc3 e5 4. dxe5 dxe5 5. Qxd8+ Kxd8 6. Bc4 Ke8 7. Nf3 Bd6 8. h3 c6 9. Bg5 Nbd7 10. 0-0-0 Bc7 11. a3 Nc5 12. Rhe1 a5 13. a4 Nfd7 14. Be3 Ke7 15. Nh4 g6 16. g3 Ne6 17. Ng2 Bd6 18. f4 Bc5 19. Bxe6 Kxe6 20. f5+ gxf5 21. exf5+ Kxf5 22. Rxd7 Bxd7 23. Bxc5 f6 24. Ne3+ Kg6 25. g4 h5 26. Rf1 hxg4 27. hxg4 Rh4 28. Ne4 Bxg4 29. Rxf6+ Kg7 30. Rf2 Be6 31. Ng5 Rh1+ 32. Kd2 Bd5 33. c4 Bg8 34. Bd6 Rd8 35. Kc2 Rh5 36. Bxe5+ Kg6 37. Nf3 b5 38. Rg2+ Kf7 39. axb5 cxb5 40. c5 Bh7+ 41. Kc1 Rd3 42. Ng5+ Rxg5 43. Rxg5 Rxe3 44. c6 Be4 45. c7 Bb7 46. Bd4 Re6 47. Rg7+ Ke8 48. Kd2 Re7 49. Rg8+ Kd7 50. Bb6 Re8 51. Rg5 Kc6 52. Bxa5 Re6 53. Kd3 Kd7 54. Kd4 Ra6 55. Rxb5 Rd6+ 56. Kc5 Rd5+ 57. Kb6 Rxb5+ 58. Kxb5 Bg2 1/2-1/2

[Event "SRB-chT2 West CS"]
[Site "Serbia"]
[Date "2016.10.07"]
[Round "8.1"]
[White "Markovic, Aleksandar"]
[Black "Kozaicevski, Fedja"]
[Result "1/2-1/2"]
[WhiteElo "2170"]
[BlackElo "1971"]
[PlyCount "43"]
[EventDate "2016.09.04"]
[EventType "team-tourn"]
[EventRounds "11"]
[EventCountry "SRB"]
[SourceTitle "EXT 2018"]
[Source "ChessBase"]
[SourceDate "2017.10.13"]
[SourceVersion "1"]
[SourceVersionDate "2017.10.13"]
[SourceQuality "1"]

1. e4 c5 2. Nf3 Nc6 3. d4 cxd4 4. Nxd4 e5 5. Nb5 a6 6. Nd6+ Bxd6 7. Qxd6 Qf6 8. Qxf6 Nxf6 9. Nc3 d6 10. Be3 Be6 11. 0-0-0 0-0-0 12. Be2 d5 13. exd5 Nxd5 14. Nxd5 Rxd5 15. Bf3 Rxd1+ 16. Rxd1 Kc7 17. b3 Rd8 18. Bxc6 Rxd1+ 19. Kxd1 Kxc6 20. Kd2 f5 21. f3 Kd6 22. Kd3 1/2-1/2

[Event "Senta op 20th"]
[Site "Senta"]
[Date "2016.07.24"]
[Round "4"]
[White "Markovic, Aleksandar"]
[Black "Petrovic, Tijana"]
[Result "0-1"]
[WhiteElo "2170"]
[BlackElo "1797"]
[PlyCount "64"]
[EventDate "2016.07.22"]
[EventType "swiss"]
[EventRounds "9"]
[EventCountry "SRB"]
[SourceTitle "EXT 2017"]
[Source "ChessBase"]
[SourceDate "2016.10.25"]
[SourceVersion "1"]
[SourceVersionDate "2016.10.25"]
[SourceQuality "1"]

1. d4 Nf6 2. c4 e6 3. Nf3 b6 4. Bg5 Be7 5. Nc3 Bb7 6. e3 d5 7. cxd5 Nxd5 8. Bxe7 Qxe7 9. Qa4+ Bc6 10. Bb5 Bxb5 11. Qxb5+ c6 12. Qb3 0-0 13. 0-0 Nd7 14. Nxd5 exd5 15. Rac1 Qd6 16. Rfe1 Rfe8 17. Qd3 Qh6 18. Qf5 Re6 19. Qg5 Qxg5 20. Nxg5 Rd6 21. h3 f6 22. Nf3 Re8 23. Red1 c5 24. b3 Rc8 25. Nh4 g6 26. Nf3 c4 27. Ne1 b5 28. Nd3 a5 29. Nb2 Nb6 30. bxc4 dxc4 31. Kf1 b4 32. Ke2 a4 0-1

[Event "SRB-chT2 West"]
[Site "Kragujevac"]
[Date "2015.10.10"]
[Round "9.5"]
[White "Marjanovic, Ivan D"]
[Black "Markovic, Aleksandar"]
[Result "0-1"]
[WhiteElo "1985"]
[BlackElo "2200"]
[PlyCount "116"]
[EventDate "2015.09.04"]
[EventType "team-tourn"]
[EventRounds "11"]
[EventCountry "SRB"]
[SourceTitle "EXT 2022"]
[Source "ChessBase"]
[SourceDate "2021.10.06"]
[SourceVersion "1"]
[SourceVersionDate "2021.10.06"]
[SourceQuality "1"]

1. e4 d6 2. d4 Nf6 3. Bd3 e5 4. c3 Nc6 5. Ne2 d5 6. Bg5 Be7 7. Bxf6 Bxf6 8. dxe5 Nxe5 9. Bc2 dxe4 10. Qxd8+ Bxd8 11. Bxe4 0-0 12. 0-0 c6 13. Nd2 Bb6 14. Nf3 Nxf3+ 15. Bxf3 Bf5 16. Rfe1 Rad8 17. Ng3 Be6 18. b3 Rd3 19. c4 Rfd8 20. Nf1 Kf8 21. Be4 R3d7 22. Bxh7 Ba5 23. Re3 Bb6 24. Ree1 Ba5 25. Re4 Rd1 26. Rxd1 Rxd1 27. h3 b5 28. cxb5 cxb5 29. Re2 Bb6 30. Be4 a5 31. Bc6 b4 32. g4 Rc1 33. Be4 a4 34. bxa4 Bc4 35. Rc2 Rxf1+ 36. Kg2 Ba6 37. Rc6 Rxf2+ 38. Kg3 Rf6 39. Rxf6 gxf6 40. Bd5 Kg7 41. h4 Bc8 42. Kf4 Bc7+ 43. Kf3 Bd7 44. Bb3 f5 45. gxf5 Bxf5 46. Ke3 Bb6+ 47. Kf4 Kf6 48. Bc4 Bd7 49. Bb3 Bc6 50. Bc2 Bc7+ 51. Kg4 Bd7+ 52. Kh5 Be6 53. Bb3 Bf5 54. Bc4 Bb6 55. Bb3 Bd8 56. Bc4 Bc2 57. Bb3 Bxb3 58. axb3 Kf5 0-1

[Event "SRB-chT2 West"]
[Site "Kragujevac"]
[Date "2015.10.09"]
[Round "8.5"]
[White "Rikalovic, Dimitrije"]
[Black "Markovic, Aleksandar"]
[Result "0-1"]
[WhiteElo "1996"]
[BlackElo "2200"]
[PlyCount "116"]
[EventDate "2015.09.04"]
[EventType "team-tourn"]
[EventRounds "11"]
[EventCountry "SRB"]
[SourceTitle "EXT 2022"]
[Source "ChessBase"]
[SourceDate "2021.10.06"]
[SourceVersion "1"]
[SourceVersionDate "2021.10.06"]
[SourceQuality "1"]

1. c4 c5 2. Nc3 Nc6 3. g3 g6 4. Bg2 Bg7 5. Nf3 d6 6. 0-0 e5 7. d3 Nge7 8. Rb1 0-0 9. a3 a5 10. Bd2 h6 11. Nb5 Be6 12. Bc3 d5 13. cxd5 Nxd5 14. Bd2 b6 15. Ne1 Rc8 16. Nc2 Nd4 17. Nc3 Ne7 18. Na1 f5 19. e3 Ndc6 20. Qe2 Qd7 21. Na4 Rb8 22. b4 Nxb4 23. axb4 Qxa4 24. bxc5 bxc5 25. Rxb8 Rxb8 26. Qe1 Qa3 27. Bxa5 Qxd3 28. Qc1 Qb5 29. Bc7 Rc8 30. Bd6 Nd5 31. e4 fxe4 32. Bxe4 Qb6 33. Bxd5 Bxd5 34. Be7 Qe6 35. Rd1 Bf3 36. Rd8+ Rxd8 37. Bxd8 Qd5 38. Bb6 Bh1 39. Qf1 Be4 40. Qc1 Bf5 41. Nc2 Qc4 42. Qe3 Qxc2 43. Bxc5 Qb1+ 44. Kg2 Qe4+ 45. Qxe4 Bxe4+ 46. f3 Bc6 47. Kf2 Kf7 48. Ke3 Ke6 49. Bb4 Kd5 50. Be7 Ke6 51. Bc5 Bf6 52. Bf8 h5 53. Bh6 Bd8 54. Kf2 Bb6+ 55. Kg2 Kd5 56. Bg7 Bd4 57. h4 Kc4 58. Bh6 Kd3 0-1

[Event "SRB-chT2 West"]
[Site "Kragujevac"]
[Date "2015.10.08"]
[Round "6.5"]
[White "Stojanovic, Dusko"]
[Black "Markovic, Aleksandar"]
[Result "1/2-1/2"]
[WhiteElo "1977"]
[BlackElo "2200"]
[PlyCount "69"]
[EventDate "2015.09.04"]
[EventType "team-tourn"]
[EventRounds "11"]
[EventCountry "SRB"]
[SourceTitle "EXT 2022"]
[Source "ChessBase"]
[SourceDate "2021.10.06"]
[SourceVersion "1"]
[SourceVersionDate "2021.10.06"]
[SourceQuality "1"]

1. e4 c5 2. Nf3 d6 3. d4 cxd4 4. Nxd4 Nf6 5. Nc3 g6 6. Be2 Bg7 7. 0-0 0-0 8. Be3 Nc6 9. a4 Bd7 10. h3 Rc8 11. Nb3 Be6 12. f4 Bxb3 13. cxb3 Qa5 14. Rc1 a6 15. Qd2 Qb4 16. Bc4 Na5 17. Nd5 Nxd5 18. Bxd5 Qxd2 19. Bxd2 Nc6 20. Rc2 e6 21. Bxc6 Rxc6 22. Rxc6 bxc6 23. Rc1 c5 24. e5 dxe5 25. Rxc5 exf4 26. Ra5 Bd4+ 27. Kf1 e5 28. Rxa6 Rc8 29. Bc3 Bxc3 30. bxc3 Rxc3 31. b4 e4 32. b5 Rc1+ 33. Ke2 Rc2+ 34. Kf1 Rc1+ 35. Ke2 1/2-1/2

[Event "Senta op 19th"]
[Site "Senta"]
[Date "2015.07.15"]
[Round "6"]
[White "Markovic, Aleksandar"]
[Black "Arsovic, Goran"]
[Result "1/2-1/2"]
[WhiteElo "2133"]
[BlackElo "2395"]
[PlyCount "100"]
[EventDate "2015.07.11"]
[EventType "swiss"]
[EventRounds "9"]
[EventCountry "SRB"]
[SourceTitle "EXT 2016"]
[Source "ChessBase"]
[SourceDate "2015.10.08"]
[SourceVersion "1"]
[SourceVersionDate "2015.10.08"]
[SourceQuality "1"]

1. e4 c5 2. Nf3 d6 3. Bb5+ Bd7 4. Bxd7+ Nxd7 5. 0-0 Ngf6 6. Qe2 Rc8 7. b3 g6 8. Bb2 Bg7 9. c4 e5 10. Nc3 Nf8 11. g3 Ne6 12. Nd5 0-0 13. Ne1 Nxd5 14. exd5 Nd4 15. Bxd4 cxd4 16. d3 f5 17. Ng2 Re8 18. Rae1 Bh6 19. Qc2 b5 20. Re2 Qd7 21. Rfe1 Kf7 22. f4 Bg7 23. fxe5 dxe5 24. Nh4 Bh6 25. Ng2 Qd6 26. g4 Kg8 27. gxf5 gxf5 28. Nh4 Qf6 29. Nf3 Be3+ 30. Kh1 e4 31. Nd2 Bxd2 32. Qxd2 e3 33. Rg2+ Kh8 34. Qe2 f4 35. Rf1 Qe5 36. Qf3 bxc4 37. bxc4 Rf8 38. Rg4 Rb8 39. c5 Rbd8 40. c6 Qxd5 41. Qxd5 Rxd5 42. Rgxf4 Rxf4 43. Rxf4 Rc5 44. Kg2 Rxc6 45. Rxd4 Rc2+ 46. Kf1 Rxa2 47. Re4 Kg7 48. Rxe3 Kf6 49. d4 a5 50. Rh3 Rd2 1/2-1/2

[Event "Senta op 19th"]
[Site "Senta"]
[Date "2015.07.12"]
[Round "3"]
[White "Marjanovic, Annamaria"]
[Black "Markovic, Aleksandar"]
[Result "1-0"]
[WhiteElo "2277"]
[BlackElo "2133"]
[PlyCount "91"]
[EventDate "2015.07.11"]
[EventType "swiss"]
[EventRounds "9"]
[EventCountry "SRB"]
[SourceTitle "EXT 2016"]
[Source "ChessBase"]
[SourceDate "2015.10.08"]
[SourceVersion "1"]
[SourceVersionDate "2015.10.08"]
[SourceQuality "1"]

1. e4 c5 2. Nf3 d6 3. d4 cxd4 4. Nxd4 Nf6 5. Nc3 g6 6. Be3 Bg7 7. f3 Nc6 8. Qd2 0-0 9. 0-0-0 d5 10. exd5 Nxd5 11. Nxc6 bxc6 12. Bd4 Bxd4 13. Qxd4 Qb6 14. Na4 Qc7 15. Kb1 Rd8 16. Bc4 Bf5 17. Bb3 Nb6 18. Qc5 Rd6 19. Nc3 Rad8 20. Rde1 Qd7 21. a4 Nd5 22. Ne4 Bxe4 23. fxe4 Nf4 24. Rhf1 Ne6 25. Qf2 Rf8 26. e5 Rd5 27. Bxd5 cxd5 28. Rd1 d4 29. c3 d3 30. Qe3 Qxa4 31. Rxd3 Qb5 32. Rdd1 Nc5 33. c4 Qb4 34. Qc3 Qb7 35. Rd5 Na4 36. Qc2 Nb6 37. Rd4 Qc6 38. Qe4 Qc5 39. Rfd1 Na4 40. Qc2 Nb6 41. Rd8 Qxe5 42. c5 Na8 43. Rxf8+ Kxf8 44. Rd8+ Kg7 45. Qc3 Qxc3 46. bxc3 1-0

[Event "Senta op 19th"]
[Site "Senta"]
[Date "2015.07.12"]
[Round "2"]
[White "Markovic, Aleksandar"]
[Black "Lalic, Danka"]
[Result "1-0"]
[WhiteElo "2133"]
[BlackElo "1788"]
[PlyCount "53"]
[EventDate "2015.07.11"]
[EventType "swiss"]
[EventRounds "9"]
[EventCountry "SRB"]
[SourceTitle "EXT 2016"]
[Source "ChessBase"]
[SourceDate "2015.10.08"]
[SourceVersion "1"]
[SourceVersionDate "2015.10.08"]
[SourceQuality "1"]

1. e4 g6 2. d4 Bg7 3. Nc3 d6 4. f4 Nc6 5. Be3 Nf6 6. h3 0-0 7. Nf3 Nh5 8. Ne2 e5 9. fxe5 dxe5 10. d5 Nd4 11. Bxd4 exd4 12. g4 Nf6 13. e5 Nxd5 14. Qxd4 Bh6 15. g5 Bxg5 16. Nxg5 Qxg5 17. h4 Qd8 18. 0-0-0 Be6 19. Ng3 Qe7 20. Bg2 Nb6 21. Ne4 Rad8 22. Nf6+ Kg7 23. Qf4 Nd7 24. h5 Rh8 25. h6+ Kf8 26. Rd2 Rb8 27. Rhd1 1-0

[Event "SRB-ch U18"]
[Site "Vrbas"]
[Date "2015.04.13"]
[Round "7"]
[White "Markovic, Aleksandar"]
[Black "Vucinic, Gojko"]
[Result "1/2-1/2"]
[WhiteElo "2142"]
[BlackElo "2332"]
[PlyCount "42"]
[EventDate "2015.04.09"]
[EventType "swiss"]
[EventRounds "9"]
[EventCountry "SRB"]
[SourceTitle "EXT 2016"]
[Source "ChessBase"]
[SourceDate "2015.10.08"]
[SourceVersion "1"]
[SourceVersionDate "2015.10.08"]
[SourceQuality "1"]

1. e4 c5 2. Nf3 d6 3. d4 cxd4 4. Qxd4 a6 5. c4 Nc6 6. Qd2 g6 7. b3 Bg7 8. Bb2 Nf6 9. Nc3 Bg4 10. Be2 Bxf3 11. Bxf3 0-0 12. 0-0 Nd7 13. Nd5 Bxb2 14. Qxb2 e6 15. Nc3 Nd4 16. Be2 Qf6 17. Qd2 Nc5 18. Bd3 Rac8 19. Rad1 Rfd8 20. Bb1 Nc6 21. Qe3 Rb8 1/2-1/2

[Event "SRB-chT2 West"]
[Site "Sabac"]
[Date "2014.09.25"]
[Round "1.2"]
[White "Kikanovic, Zivota"]
[Black "Markovic, Aleksandar"]
[Result "1/2-1/2"]
[WhiteElo "2147"]
[BlackElo "2155"]
[PlyCount "45"]
[EventDate "2014.09.25"]
[EventType "team-swiss"]
[EventRounds "6"]
[EventCountry "SRB"]
[SourceTitle "EXT 2015"]
[Source "ChessBase"]
[SourceDate "2014.11.20"]
[SourceVersion "1"]
[SourceVersionDate "2014.11.20"]
[SourceQuality "1"]

1. Nf3 Nf6 2. g3 g6 3. Bg2 Bg7 4. c4 0-0 5. Nc3 d6 6. 0-0 c6 7. d4 Qb6 8. b3 e5 9. dxe5 dxe5 10. Bb2 Re8 11. e3 Na6 12. h3 Bf5 13. Qe2 Nc5 14. Rfd1 Nfe4 15. Ne1 Nxc3 16. Bxc3 Be4 17. Qb2 Bxg2 18. Kxg2 Ne4 19. Rac1 Nxc3 20. Qxc3 Rad8 21. Qc2 Rxd1 22. Rxd1 Rd8 23. e4 1/2-1/2

[Event "Belgrade-chT"]
[Site "Belgrade"]
[Date "2013.10.18"]
[Round "7.6"]
[White "Markovic, Aleksandar"]
[Black "Zmijanac, Dusko"]
[Result "1/2-1/2"]
[WhiteElo "2140"]
[BlackElo "2172"]
[PlyCount "75"]
[EventDate "2013.10.12"]
[EventType "team-tourn"]
[EventRounds "11"]
[EventCountry "SRB"]
[SourceTitle "EXT 2014"]
[Source "ChessBase"]
[SourceDate "2013.11.20"]
[SourceVersion "1"]
[SourceVersionDate "2013.11.20"]
[SourceQuality "1"]
[WhiteTeam "Cirilo i Metodije"]
[BlackTeam "Post Stedionica"]
[WhiteTeamCountry "SRB"]
[BlackTeamCountry "SRB"]

1. e4 Nf6 2. e5 Nd5 3. d4 d6 4. Nf3 c6 5. exd6 exd6 6. Be2 Be7 7. 0-0 0-0 8. c4 Nb6 9. h3 N8d7 10. Nc3 Nf6 11. Bf4 Bf5 12. Bd3 Qd7 13. Qc2 Be6 14. b3 h6 15. Rad1 Rfe8 16. Rfe1 Bf8 17. Bh2 Rad8 18. Re3 Qc8 19. Rde1 Bd7 20. Rxe8 Rxe8 21. Rxe8 Qxe8 22. Qe2 Qc8 23. Ne4 Nxe4 24. Qxe4 g6 25. Qe3 Bf5 26. Bf4 Bxd3 27. Qxd3 Qe6 28. Qe3 Qxe3 29. Bxe3 Bg7 30. Kf1 f5 31. g3 Kf7 32. Ke2 g5 33. h4 g4 34. Ne1 d5 35. c5 Nd7 36. Kd3 Nf8 37. Ng2 Ne6 38. Nf4 1/2-1/2

[Event "Belgrade-chT"]
[Site "Belgrade"]
[Date "2013.10.15"]
[Round "4.2"]
[White "Popovic, Andrija"]
[Black "Markovic, Aleksandar"]
[Result "0-1"]
[WhiteElo "2229"]
[BlackElo "2140"]
[PlyCount "122"]
[EventDate "2013.10.12"]
[EventType "team-tourn"]
[EventRounds "11"]
[EventCountry "SRB"]
[SourceTitle "EXT 2014"]
[Source "ChessBase"]
[SourceDate "2013.11.20"]
[SourceVersion "1"]
[SourceVersionDate "2013.11.20"]
[SourceQuality "1"]
[WhiteTeam "GSP Polet"]
[BlackTeam "Cirilo i Metodije"]
[WhiteTeamCountry "SRB"]
[BlackTeamCountry "SRB"]

1. e4 c5 2. c4 Nc6 3. Nf3 e5 4. Nc3 g6 5. a3 Bg7 6. Rb1 a5 7. d3 Nge7 8. Bg5 0-0 9. Qd2 d6 10. g3 Nd4 11. Nxd4 cxd4 12. Ne2 f6 13. Bh6 Rb8 14. Bxg7 Kxg7 15. Bg2 b5 16. cxb5 Rxb5 17. 0-0 Qb6 18. h3 Be6 19. b4 axb4 20. a4 Ra5 21. Rxb4 Qa6 22. Rfb1 Nc8 23. Ra1 Rf7 24. g4 Nb6 25. f4 Nxa4 26. f5 Bc8 27. Rc4 Ra7 28. g5 Nc5 29. gxf6+ Kxf6 30. Rf1 Kg7 31. Ng3 Ra1 32. Qg5 Rxf1+ 33. Bxf1 Rf7 34. Nh5+ Kg8 35. fxg6 hxg6 36. Qxg6+ Kf8 37. Qg5 Qb6 38. Rc2 Rxf1+ 39. Kxf1 Qb1+ 40. Qc1 Bxh3+ 41. Kg1 Qxc1+ 42. Rxc1 Ke7 43. Ra1 Nxd3 44. Ra7+ Bd7 45. Ng3 Nc5 46. Kf2 Kf6 47. Kf3 Kg5 48. Ra8 Bg4+ 49. Kf2 Nd3+ 50. Kg2 Kf4 51. Rf8+ Ke3 52. Nf5+ Bxf5 53. exf5 Nf4+ 54. Kf1 d3 55. Ra8 d2 56. Ra1 d5 57. f6 d4 58. f7 Ng6 59. Ra3+ d3 60. Ra1 e4 61. Rd1 Nf8 0-1